| 000 | 00670nam a2200205 i 4500 | ||
|---|---|---|---|
| 001 | 35213 | ||
| 003 | ES-MaACL | ||
| 005 | 20230906155057.0 | ||
| 007 | t| | ||
| 008 | 030212s1950 fr ||||1| fre d | ||
| 100 | 1 |
_aBorel, Emile. _930428 |
|
| 245 | 1 | 0 |
_aLeçons sur la théorie des fonctions _b: . (principes de la Théorie des ensembles) / _cpar Emile Borel. |
| 250 | _a4eme ed. | ||
| 260 |
_aParís : _bGauthier-Villars, _c1950. |
||
| 300 |
_aXII, 295 p. ; _c26 cm. |
||
| 490 | 1 | _aNouvelles leçons sur la theorie des fonctions | |
| 830 | 0 |
_aNouvelles leçons sur la theorie des fonctions _9181557 |
|
| 852 |
_aES-MaACL _jD-6877 _bR.31067 |
||
| 999 |
_c35213 _d35213 |
||